| 000 | 01874nam0a2200373 i 4500 | ||
|---|---|---|---|
| 001 | RU\NLR\BIBL_A\010015686 | ||
| 005 | 20240921210809.0 | ||
| 010 |
_a9785939292344 _91000 |
||
| 021 |
_aRU _b2013-89843 _96211 |
||
| 035 | _a(NILC)RuMoRGB-006689912 | ||
| 035 | _a(NLR Aleph) 010015686 | ||
| 090 |
_a9875708 _c9875708 |
||
| 100 | _a20131218d2013 k y0rusy50 ca | ||
| 101 | 0 |
_arus _deng |
|
| 102 | _aRU | ||
| 105 | _aa|||||||||||| | ||
| 200 | 1 |
_aИнтервенционная радиология в онкологии _e(пути развития и технологии) _f[Гранов Анатолий Михайлович, акад. РАМН, д.м.н., проф., Гранов Дмитрий Анатольевич, чл.-кор. РАМН, д.м.н., проф., Винокуров Владимир Леонидович, д.м.н., проф. и др.] _gгл. ред.: акад. РАМН А. М. Гранов, акад. РАН и РАМН М. И. Давыдов |
|
| 205 | _aИзд. 2-е, доп. | ||
| 210 |
_aСанкт-Петербург _cФолиант _d2013 |
||
| 215 |
_a342, [1] с., [7] л. ил. _cил., табл. _d24 |
||
| 300 | _aАвт. указаны на с. 3-4 | ||
| 300 | _aРез. на англ. яз. | ||
| 320 | _aБиблиогр.: с. 475-545 | ||
| 606 | 1 |
_aЗлокачественные опухоли _xХирургическое лечение _91137292 _3RU\NLR\AUTH\66452367 |
|
| 675 | _a616-006-085.849 | ||
| 686 | 1 | _aР562,4-59 | |
| 701 | 1 |
_aГранов _bА. М. _gАнатолий Михайлович _4070 |
|
| 701 | 1 |
_aГранов _bД.А. _gДмитрий Анатольевич _4070 |
|
| 701 | 1 |
_aВинокуров _bВ.Л. _gВладимир Леонидович _4070 |
|
| 801 | 0 |
_aRU _bRuMoRKP _c20080411 _gRCR |
|
| 801 | 2 |
_aRU _bРГБ _c20131106 _grcr |
|
| 942 | _cBOOK | ||
| 980 | _aNBR | ||